Ochrana v elektroenergetických sústavách : Návody na cvičenie

Salvato in:
Dettagli Bibliografici
Autori principali: Karaffa, Marián (Autore), Zlatovský, Ján (Autore)
Natura: Libro
Lingua:slovacco
Pubblicazione: Bratislava : SVŠT v Bratislave, 1973
Tags: Aggiungi Tag
Nessun Tag, puoi essere il primo ad aggiungerne!!

MARC

LEADER 00000nam a22000003a 4500
001 stu33591
005 20150617225733.8
008 981104s1973------------------------slo-d
040 |a STU  |b slo 
041 0 |a slo 
100 1 |a Karaffa, Marián  |4 aut 
245 1 |a Ochrana v elektroenergetických sústavách :  |b Návody na cvičenie 
260 |a Bratislava :  |b SVŠT v Bratislave,  |c 1973 
300 |a 69 s 
700 1 |a Zlatovský, Ján  |4 aut  |u E130  |U FEI Fakulta elektrotechniky a informatiky  |T FEI Katedra elektroenergetiky  |U E130  |Y 59 
996 |b E30603  |c E*30603  |l EE01  |s A  |a 24  |w stu33591_0001